| 000 | 00425nam a2200181Ia 4500 | ||
|---|---|---|---|
| 005 | 20240823051515.0 | ||
| 008 | 240823s9999||||xx |||||||||||||| ||und|| | ||
| 041 | _aENGLISH | ||
| 082 | _A658 N4 | ||
| 100 | _aVenkateswaran.G | ||
| 245 | 0 | _aPrinciples of Management | |
| 250 | _a1st | ||
| 260 |
_c1994 _b"J J Pub,Madurai" |
||
| 500 | _aYES | ||
| 650 |
_aManagement _bManagement Studies |
||
| 942 | _cBK | ||
| 999 |
_c219744 _d219744 |
||